Manual of information on secondary education / (Record no. 98917)

MARC details
000 -LEADER
fixed length control field 00716nam a22002177i 4500
003 - CONTROL NUMBER IDENTIFIER
control field URS
005 - DATE AND TIME OF LATEST TRANSACTION
control field 20260224140857.0
008 - FIXED-LENGTH DATA ELEMENTS--GENERAL INFORMATION
fixed length control field 181207s1993 ph ||||| |||| 00| 0 eng d
040 ## - CATALOGING SOURCE
Transcribing agency URS
Modifying agency URS
050 14 - LIBRARY OF CONGRESS CALL NUMBER
Classification number LB15
Item number .D441 1993
100 1# - MAIN ENTRY--PERSONAL NAME
Personal name Llagas, Avelina T.
Relator term author
245 10 - TITLE STATEMENT
Title Manual of information on secondary education /
Statement of responsibility, etc. Avelina T. Llagas
264 #1 - PRODUCTION, PUBLICATION, DISTRIBUTION, MANUFACTURE, AND COPYRIGHT NOTICE
Place of production, publication, distribution, manufacture Metro Manila :
Name of producer, publisher, distributor, manufacturer Department of Education, Culture and Sports Bureau of Secondary Education,
Date of production, publication, distribution, manufacture, or copyright notice [date of publication not idenfitied].
264 #4 - PRODUCTION, PUBLICATION, DISTRIBUTION, MANUFACTURE, AND COPYRIGHT NOTICE
Date of production, publication, distribution, manufacture, or copyright notice ©1993
300 ## - PHYSICAL DESCRIPTION
Extent i, 221 p.
Other physical details col. ill.; 25 cm.
336 ## - CONTENT TYPE
Content type term text
Content type code txt
Source rdacontent
337 ## - MEDIA TYPE
Media type term unmediated
Media type code n
Source rdamedia
338 ## - CARRIER TYPE
Carrier type term volume
Carrier type code nc
Source rdacarrier
650 #0 - SUBJECT ADDED ENTRY--TOPICAL TERM
Topical term or geographic name entry element Education
942 ## - ADDED ENTRY ELEMENTS (KOHA)
Koha item type Filipiniana
Source of classification or shelving scheme Library of Congress Classification

No items available.

University of Rizal System
Email us at univlibservices@urs.edu.ph

Visit our Website www.urs.edu.ph/library